000 00241nam a2200109Ia 4500
008 190216s9999||||xx |||||||||||||| ||und||
100 _aHalen Y C
245 0 _aTutorial In Public Finance
260 _bNull
650 _aEconomics
942 _cBK
999 _c9446
_d9446